[Event "29. Cullera 2012 - Open A"]
[Site "Cullera ESP"]
[Date "2012.08.28"]
[Round "5.10"]
[White "Pablos Tenrero, Raquel"]
[Black "Garcia Ramos, Marcos"]
[Result "0-1"]
[WhiteElo "1960"]
[BlackElo "2177"]
[PlyCount "112"]
[EventDate "2012.08.25"]
[EventType "swiss"]
[EventRounds "9"]
[EventCountry "ESP"]
[Source "lmi"]
[SourceDate "2012.08.25"]

1. e4 c5 2. Nf3 d6 3. d4 cxd4 4. Nxd4 Nf6 5. Nc3 a6 6. h3 e5 7. Nde2 h5 8. Bg5
Be6 9. Bxf6 Qxf6 10. Nd5 Qd8 11. g3 Nd7 12. c4 Rc8 13. Nec3 Nf6 14. b3 Bxd5 15.
exd5 h4 16. g4 Be7 17. Bd3 g6 18. Qc2 Kf8 19. O-O Kg7 20. Kh1 Rf8 21. f3 Nh7
22. Rae1 Bg5 23. Ne2 Qf6 24. b4 Be3 25. Nc3 Bd4 26. Ne4 Qd8 27. Qd2 f5 28. gxf5
gxf5 29. Nf2 Qf6 30. Rg1+ Kh8 31. Rg2 e4 32. fxe4 Bc3 33. Qe2 Bxe1 34. Qxe1
Rce8 35. c5 fxe4 36. Nxe4 Qf3 37. Qc3+ Nf6 38. Ng5 Qxd5 39. Bc4 Qe5 40. Nf7+
Rxf7 41. Qxe5 Rxe5 42. Bxf7 dxc5 43. bxc5 Rxc5 44. Rb2 b5 45. Rb4 Kg7 46. Bb3
a5 47. Rxh4 a4 48. Bxa4 bxa4 49. Rxa4 Rc2 50. Kg1 Kg6 51. a3 Kf5 52. h4 Ne4 53.
h5 Kf4 54. h6 Kg3 55. Kf1 Kf3 56. Kg1 Ng3 0-1

[Event "29. Cullera 2012 - Open A"]
[Site "Cullera ESP"]
[Date "2012.08.28"]
[Round "5.11"]
[White "Gimenez Menchon, Cesar"]
[Black "Remolar Gallen, Jose"]
[Result "0-1"]
[WhiteElo "2029"]
[BlackElo "2167"]
[PlyCount "58"]
[EventDate "2012.08.25"]
[EventType "swiss"]
[EventRounds "9"]
[EventCountry "ESP"]
[Source "lmi"]
[SourceDate "2012.08.25"]

1. d4 Nf6 2. Nf3 b6 3. Bf4 Bb7 4. e3 e6 5. Nbd2 d6 6. Bd3 Nbd7 7. Qe2 Qe7 8. e4
h6 9. h3 g5 10. Bh2 Rg8 11. O-O-O Nh5 12. g3 a6 13. e5 d5 14. Ne1 Ng7 15. f4 c5
16. c3 c4 17. Bb1 b5 18. Nc2 a5 19. a3 Nb6 20. Ne3 b4 21. Ng4 bxc3 22. Nf6+ Kd8
23. Nf3 cxb2+ 24. Qxb2 Qxa3 25. Nxg8 Qe3+ 26. Kc2 Na4 27. Qa1 Bb4 28. Nd2 Qd3+
29. Kc1 Ba3+ 0-1

[Event "29. Cullera 2012 - Open A"]
[Site "Cullera ESP"]
[Date "2012.08.29"]
[Round "6.1"]
[White "Vega Gomez, Francisco Borja"]
[Black "Castella Garcia, Fausto"]
[Result "1/2-1/2"]
[WhiteElo "2225"]
[BlackElo "2329"]
[PlyCount "100"]
[EventDate "2012.08.25"]
[EventType "swiss"]
[EventRounds "9"]
[EventCountry "ESP"]
[Source "lmi"]
[SourceDate "2012.08.25"]

1. Nf3 c5 2. g3 g6 3. Bg2 Bg7 4. O-O Nc6 5. c4 Nf6 6. Nc3 O-O 7. a3 d5 8. cxd5
Nxd5 9. Nxd5 Qxd5 10. d3 Qh5 11. Rb1 Bg4 12. b4 cxb4 13. axb4 Nd4 14. Nxd4 Bxd4
15. Re1 Qf5 16. Be3 Bxe3 17. fxe3 Qb5 18. d4 Rac8 19. Qd3 Qb6 20. Rec1 Rxc1+
21. Rxc1 Qxb4 22. Rb1 Qa5 23. Rxb7 Qe1+ 24. Bf1 Rc8 25. Rb1 Qa5 26. Rb5 Qa2 27.
Rc5 Rb8 28. Rb5 Rxb5 29. Qxb5 Qa3 30. Kf2 Qd6 31. Bg2 Bd7 32. Qa5 a6 33. Ke1
Bb5 34. Kd2 h5 35. Be4 Kg7 36. Bd3 Qd5 37. Bxb5 axb5 38. Qb4 Kf6 39. Kd3 e5 40.
Kc3 Qc6+ 41. Qc5 Qe4 42. Kd2 exd4 43. exd4 Ke6 44. Qc8+ Ke7 45. Qc7+ Ke6 46.
Qc8+ Ke7 47. Qc7+ Ke6 48. Qb6+ Ke7 49. Qc5+ Ke6 50. Qb6+ Ke7 1/2-1/2

[Event "29. Cullera 2012 - Open A"]
[Site "Cullera ESP"]
[Date "2012.08.29"]
[Round "6.2"]
[White "Torres Sanchez, Jose"]
[Black "Montalban Galvez, Antoni"]
[Result "1-0"]
[WhiteElo "2278"]
[BlackElo "2204"]
[PlyCount "57"]
[EventDate "2012.08.25"]
[EventType "swiss"]
[EventRounds "9"]
[EventCountry "ESP"]
[Source "lmi"]
[SourceDate "2012.08.25"]

1. e4 c6 2. d4 d5 3. e5 Bf5 4. c4 e6 5. Nc3 Bb4 6. a3 Bxc3+ 7. bxc3 dxc4 8.
Bxc4 b5 9. Bd3 Bxd3 10. Qxd3 Nd7 11. Qg3 Ne7 12. Qxg7 Rg8 13. Qxh7 Rxg2 14. Ne2
Qa5 15. Bd2 Rg4 16. Rg1 Rxg1+ 17. Nxg1 Nb6 18. Ne2 Rd8 19. Ng3 Nc4 20. Ne4 Nd5
21. Qg8+ Kd7 22. Qxf7+ Kc8 23. Qxe6+ Kc7 24. Rc1 Rd7 25. Nf6 Nxf6 26. exf6 Rxd4
27. f7 Rxd2 28. f8=Q Rd5 29. Qfc8+ 1-0

[Event "29. Cullera 2012 - Open A"]
[Site "Cullera ESP"]
[Date "2012.08.29"]
[Round "6.3"]
[White "Pavia Miralles, Jose Manuel"]
[Black "Gallardo Garcia, Andres"]
[Result "1-0"]
[WhiteElo "2168"]
[BlackElo "2339"]
[PlyCount "55"]
[EventDate "2012.08.25"]
[EventType "swiss"]
[EventRounds "9"]
[EventCountry "ESP"]
[Source "lmi"]
[SourceDate "2012.08.25"]

1. d4 g6 2. Nf3 Bg7 3. g3 c5 4. Bg2 cxd4 5. Nxd4 Nc6 6. c3 Nf6 7. O-O O-O 8. e4
Qb6 9. Na3 d6 10. Nc4 Qc5 11. Ne3 Bd7 12. Nb3 Qb6 13. Nd5 Nxd5 14. exd5 Ne5 15.
Be3 Qa6 16. Bd4 Bg4 17. f3 Bf5 18. Rf2 Rac8 19. h3 b5 20. f4 Nc4 21. Qf3 Bd7
22. Bxg7 Kxg7 23. Nd4 Qb6 24. Re1 Rfe8 25. b3 Na3 26. f5 gxf5 27. Nxf5+ Bxf5
28. Qxf5 1-0

[Event "29. Cullera 2012 - Open A"]
[Site "Cullera ESP"]
[Date "2012.08.29"]
[Round "6.4"]
[White "Pena Riasco, Alexander"]
[Black "Perez Calahorra, Ricardo"]
[Result "1-0"]
[WhiteElo "2237"]
[BlackElo "2158"]
[PlyCount "33"]
[EventDate "2012.08.25"]
[EventType "swiss"]
[EventRounds "9"]
[EventCountry "ESP"]
[Source "lmi"]
[SourceDate "2012.08.25"]

1. e4 Nf6 2. e5 Nd5 3. d4 d6 4. c4 Nb6 5. exd6 cxd6 6. Nc3 g6 7. Be3 Bg7 8. Nf3
Nc6 9. Be2 Bg4 10. b3 O-O 11. Rc1 e6 12. O-O f5 13. d5 exd5 14. Nxd5 Bxf3 15.
Bxf3 Ne7 16. Nf4 Rf6 17. Bd4 1-0

[Event "29. Cullera 2012 - Open A"]
[Site "Cullera ESP"]
[Date "2012.08.29"]
[Round "6.6"]
[White "Diaz Velandia, Jose Manuel"]
[Black "Jordan Arenas, Manuel"]
[Result "1/2-1/2"]
[WhiteElo "2251"]
[BlackElo "2151"]
[PlyCount "103"]
[EventDate "2012.08.25"]
[EventType "swiss"]
[EventRounds "9"]
[EventCountry "ESP"]
[Source "lmi"]
[SourceDate "2012.08.25"]

1. d4 Nf6 2. Nf3 e6 3. c3 b6 4. Bf4 Bb7 5. e3 c5 6. Bd3 d5 7. O-O Be7 8. h3 O-O
9. Nbd2 Nbd7 10. Qe2 Ne4 11. Ba6 Qc8 12. Bxb7 Qxb7 13. Nxe4 dxe4 14. Nd2 Rfe8
15. Qg4 Nf6 16. Qd1 Nd5 17. Bh2 cxd4 18. exd4 e3 19. Nf3 exf2+ 20. Rxf2 b5 21.
Ne5 f6 22. Nd3 Rad8 23. Qb3 Qc6 24. a4 a6 25. axb5 axb5 26. Re2 Qc4 27. Qxc4
bxc4 28. Nf4 Nxf4 29. Bxf4 Bd6 30. Bxd6 Rxd6 31. Ra7 Rb6 32. Rc7 Reb8 33. Rxc4
Rxb2 34. Rxe6 Kf7 35. Re3 g5 36. Rc6 Kg6 37. Rf3 Rf8 38. d5 h5 39. Rf2 Rb1+ 40.
Kh2 g4 41. Kg3 Rd1 42. c4 Rd3+ 43. Kf4 Re8 44. hxg4 Rd4+ 45. Kg3 Rxg4+ 46. Kh3
Kg7 47. Rcxf6 Rxc4 48. Rf7+ Kg6 49. R2f6+ Kg5 50. Rf5+ Kg6 51. R7f6+ Kg7 52.
Rb6 1/2-1/2

[Event "29. Cullera 2012 - Open A"]
[Site "Cullera ESP"]
[Date "2012.08.29"]
[Round "6.7"]
[White "Garcia Ramos, Marcos"]
[Black "Jordan Martinez, Miguel"]
[Result "0-1"]
[WhiteElo "2177"]
[BlackElo "2144"]
[PlyCount "48"]
[EventDate "2012.08.25"]
[EventType "swiss"]
[EventRounds "9"]
[EventCountry "ESP"]
[Source "lmi"]
[SourceDate "2012.08.25"]

1. e4 e6 2. d4 d5 3. e5 c5 4. c3 Nc6 5. Nf3 f6 6. Bd3 fxe5 7. dxe5 g6 8. O-O
Bg7 9. Re1 Qc7 10. Bf4 Bd7 11. Nbd2 O-O-O 12. c4 Nge7 13. Bg3 d4 14. Ne4 Nf5
15. Nd6+ Nxd6 16. exd6 Qb6 17. Re2 Rde8 18. Qd2 e5 19. h3 Rhf8 20. Kh2 Qd8 21.
Rae1 Bf5 22. Nxe5 Nxe5 23. Bxe5 Bxe5+ 24. Kg1 Bxd6 0-1

[Event "29. Cullera 2012 - Open A"]
[Site "Cullera ESP"]
[Date "2012.08.29"]
[Round "6.8"]
[White "Remolar Gallen, Jose"]
[Black "Garcia Munoz, Raul"]
[Result "0-1"]
[WhiteElo "2167"]
[BlackElo "2072"]
[PlyCount "42"]
[EventDate "2012.08.25"]
[EventType "swiss"]
[EventRounds "9"]
[EventCountry "ESP"]
[Source "lmi"]
[SourceDate "2012.08.25"]

1. d4 Nf6 2. e3 d5 3. Bd3 g6 4. Nd2 Bg7 5. f4 O-O 6. Ngf3 b6 7. Qe2 Bb7 8. Ne5
c5 9. c3 Nfd7 10. h4 Nxe5 11. fxe5 f6 12. h5 fxe5 13. dxe5 Nc6 14. Nf3 Qc7 15.
hxg6 Nxe5 16. Nxe5 Qxe5 17. Rxh7 Qg3+ 18. Kd1 Bc8 19. Bc4 Bg4 20. Bxd5+ e6 21.
Bf3 Rxf3 0-1

[Event "29. Cullera 2012 - Open A"]
[Site "Cullera ESP"]
[Date "2012.08.29"]
[Round "6.10"]
[White "Picazo Gonzalez, Alejandro"]
[Black "Fernandez Madrid, Carlos"]
[Result "1/2-1/2"]
[WhiteElo "1982"]
[BlackElo "2134"]
[PlyCount "92"]
[EventDate "2012.08.25"]
[EventType "swiss"]
[EventRounds "9"]
[EventCountry "ESP"]
[Source "lmi"]
[SourceDate "2012.08.25"]

1. e4 c5 2. c3 g6 3. d4 cxd4 4. cxd4 Bg7 5. Nf3 d5 6. exd5 Nf6 7. Nc3 O-O 8.
Bc4 Nbd7 9. O-O Nb6 10. Bb3 Nfxd5 11. Bg5 Nf6 12. Ne5 Bf5 13. Re1 h6 14. Bh4 g5
15. Bg3 e6 16. Qd2 Nh5 17. Rad1 Nxg3 18. hxg3 Qf6 19. g4 Bh7 20. d5 exd5 21.
Nxd5 Nxd5 22. Qxd5 Rad8 23. Nd7 Qxb2 24. Qf3 Bc2 25. Nxf8 Rxf8 26. Rd7 Bxb3 27.
Qxb3 Qf6 28. Qxb7 a5 29. Qb5 Qf4 30. Qxa5 Qxg4 31. Red1 Bf6 32. Qa6 Kg7 33. Qd3
Qf4 34. g3 Qa4 35. Qd5 h5 36. Rc1 Qb4 37. Rcc7 Qb1+ 38. Kg2 Qg6 39. a4 h4 40.
a5 hxg3 41. fxg3 Qh5 42. Qf5 Qe2+ 43. Qf2 Qe6 44. Qf3 Qa2+ 45. Qf2 Qxa5 46. Ra7
Qe5 1/2-1/2

[Event "29. Cullera 2012 - Open A"]
[Site "Cullera ESP"]
[Date "2012.08.29"]
[Round "6.19"]
[White "Cano Cabanillas, Javier"]
[Black "Machin Arbelo, Pedro Alexis"]
[Result "0-1"]
[WhiteElo "2020"]
[BlackElo "2084"]
[PlyCount "50"]
[EventDate "2012.08.25"]
[EventType "swiss"]
[EventRounds "9"]
[EventCountry "ESP"]
[Source "lmi"]
[SourceDate "2012.08.25"]

1. e4 c5 2. Nf3 e6 3. d4 cxd4 4. Nxd4 Nf6 5. Nc3 Bb4 6. e5 Nd5 7. Bd2 Bxc3 8.
bxc3 O-O 9. Bd3 d6 10. exd6 Qxd6 11. O-O f5 12. Nb5 Qc5 13. c4 a6 14. cxd5 axb5
15. dxe6 Bxe6 16. Qe1 Qd5 17. a3 Bd7 18. Qb1 Bc6 19. f3 Rf6 20. Kh1 Nd7 21. Bc3
Ne5 22. Be2 Rh6 23. Rd1 Qc5 24. Bd4 Qd6 25. Be3 Nxf3 0-1

[Event "29. Cullera 2012 - Open A"]
[Site "Cullera ESP"]
[Date "2012.08.29"]
[Round "7.1"]
[White "Torres Sanchez, Jose"]
[Black "Vega Gomez, Francisco Borja"]
[Result "1/2-1/2"]
[WhiteElo "2278"]
[BlackElo "2225"]
[PlyCount "65"]
[EventDate "2012.08.25"]
[EventType "swiss"]
[EventRounds "9"]
[EventCountry "ESP"]
[Source "lmi"]
[SourceDate "2012.08.25"]

1. d4 d5 2. c4 c6 3. Nc3 Nf6 4. Nf3 g6 5. e3 Bg7 6. Bd3 O-O 7. O-O e6 8. Re1
Nbd7 9. e4 dxe4 10. Nxe4 Nxe4 11. Rxe4 c5 12. Bg5 Qc7 13. Qd2 cxd4 14. Bh6 Rd8
15. Rh4 Nf8 16. Re1 f6 17. Bxg7 Qxg7 18. Rxd4 Rxd4 19. Nxd4 e5 20. Nb5 Be6 21.
Nd6 b6 22. b4 Qc7 23. Ne4 Kg7 24. Qc2 a5 25. a3 axb4 26. axb4 Bf7 27. f4 Ne6
28. fxe5 Qxe5 29. Kf2 Nf4 30. Bf1 Re8 31. g3 Nh5 32. Re2 Bxc4 33. Nxf6 1/2-1/2

[Event "29. Cullera 2012 - Open A"]
[Site "Cullera ESP"]
[Date "2012.08.29"]
[Round "7.2"]
[White "Castella Garcia, Fausto"]
[Black "Pena Riasco, Alexander"]
[Result "1-0"]
[WhiteElo "2329"]
[BlackElo "2237"]
[PlyCount "47"]
[EventDate "2012.08.25"]
[EventType "swiss"]
[EventRounds "9"]
[EventCountry "ESP"]
[Source "lmi"]
[SourceDate "2012.08.25"]

1. e4 d5 2. exd5 Qxd5 3. Nf3 Bg4 4. Be2 Nc6 5. d4 O-O-O 6. c4 Qd7 7. d5 Bxf3 8.
Bxf3 Ne5 9. Be2 e6 10. Nc3 Nf6 11. O-O exd5 12. cxd5 Nxd5 13. Qb3 Nxc3 14. bxc3
Bc5 15. Rb1 Qd5 16. c4 Qc6 17. Bf4 f6 18. Qc2 Rde8 19. Rfe1 Qd6 20. Red1 Qe7
21. Qb3 c6 22. Bxe5 fxe5 23. Bg4+ Kb8 24. Rd7 1-0

[Event "29. Cullera 2012 - Open A"]
[Site "Cullera ESP"]
[Date "2012.08.29"]
[Round "7.3"]
[White "Jordan Martinez, Miguel"]
[Black "Garcia Munoz, Raul"]
[Result "1/2-1/2"]
[WhiteElo "2144"]
[BlackElo "2072"]
[PlyCount "31"]
[EventDate "2012.08.25"]
[EventType "swiss"]
[EventRounds "9"]
[EventCountry "ESP"]
[Source "lmi"]
[SourceDate "2012.08.25"]

1. e4 e6 2. d4 d5 3. Nd2 c5 4. exd5 exd5 5. Ngf3 a6 6. dxc5 Bxc5 7. Bd3 Nf6 8.
O-O O-O 9. c3 Nc6 10. Nb3 Bb6 11. h3 Ne4 12. Nfd4 Ne5 13. Bxe4 dxe4 14. Qe2 Qh4
15. f4 Nf3+ 16. gxf3 1/2-1/2

[Event "29. Cullera 2012 - Open A"]
[Site "Cullera ESP"]
[Date "2012.08.29"]
[Round "7.4"]
[White "Gallardo Garcia, Andres"]
[Black "Nicolas Zapata, Javier"]
[Result "1-0"]
[WhiteElo "2339"]
[BlackElo "2043"]
[PlyCount "50"]
[EventDate "2012.08.25"]
[EventType "swiss"]
[EventRounds "9"]
[EventCountry "ESP"]
[Source "lmi"]
[SourceDate "2012.08.25"]

1. e4 c5 2. Nf3 d6 3. d4 cxd4 4. Nxd4 Nf6 5. Nc3 g6 6. g3 Bg7 7. Bg2 O-O 8. O-O
Nc6 9. Nde2 Bd7 10. h3 Rc8 11. Kh2 Na5 12. a4 a6 13. b3 b5 14. axb5 axb5 15.
Be3 Qc7 16. Ra2 b4 17. Nd5 Nxd5 18. exd5 Bb5 19. Re1 Bxe2 20. Rxe2 Ra8 21. Bg5
Rfe8 22. Qd3 h6 23. Bd2 Qc5 24. Ra4 Rab8 25. Qe4 Bc3 1-0

[Event "29. Cullera 2012 - Open A"]
[Site "Cullera ESP"]
[Date "2012.08.29"]
[Round "7.5"]
[White "Jimenez Martinez, Jose Vicente"]
[Black "Martinez Tormo, Jorge"]
[Result "1-0"]
[WhiteElo "2285"]
[BlackElo "2148"]
[PlyCount "43"]
[EventDate "2012.08.25"]
[EventType "swiss"]
[EventRounds "9"]
[EventCountry "ESP"]
[Source "lmi"]
[SourceDate "2012.08.25"]

1. d4 d5 2. c4 c6 3. Nf3 Nf6 4. Nc3 g6 5. cxd5 cxd5 6. Bf4 a6 7. e3 Nc6 8. h3
Bg7 9. Be2 O-O 10. O-O b5 11. Rc1 Bb7 12. Ne5 Rc8 13. Nd3 e6 14. Nc5 Qb6 15. a4
b4 16. a5 Nxa5 17. N3a4 Qa7 18. Qd2 Nc6 19. Nxb7 Ne4 20. Qd3 Qxb7 21. Qxa6 Qa8
22. Nb6 1-0

[Event "29. Cullera 2012 - Open A"]
[Site "Cullera ESP"]
[Date "2012.08.29"]
[Round "7.6"]
[White "Navarro Diaz, Carles"]
[Black "Diaz Velandia, Jose Manuel"]
[Result "1/2-1/2"]
[WhiteElo "2117"]
[BlackElo "2251"]
[PlyCount "80"]
[EventDate "2012.08.25"]
[EventType "swiss"]
[EventRounds "9"]
[EventCountry "ESP"]
[Source "lmi"]
[SourceDate "2012.08.25"]

1. Nf3 Nf6 2. c4 e6 3. g3 d5 4. Bg2 c6 5. b3 Nbd7 6. Bb2 Bc5 7. O-O O-O 8. a3
a5 9. d3 Qe7 10. Nbd2 e5 11. cxd5 cxd5 12. d4 Bd6 13. dxe5 Nxe5 14. Nxe5 Bxe5
15. Bxe5 Qxe5 16. Nf3 Qb2 17. Qd3 Ne4 18. Qxd5 Nc3 19. Qd3 Bg4 20. Qd2 Qxd2 21.
Nxd2 Rad8 22. Nc4 Bxe2 23. Rfc1 Bxc4 24. Rxc3 Bd5 25. Bxd5 Rxd5 26. Re1 b5 27.
Re7 g6 28. Ra7 b4 29. axb4 axb4 30. Rc4 Rb8 31. Rf4 Rf5 32. Rxf5 gxf5 33. Ra5
f4 34. gxf4 Rd8 35. Re5 Rd4 36. f5 Kg7 37. Rb5 Kf6 38. Rb7 h5 39. Kg2 Rg4+ 40.
Kf3 Rh4 1/2-1/2

[Event "29. Cullera 2012 - Open A"]
[Site "Cullera ESP"]
[Date "2012.08.29"]
[Round "7.7"]
[White "Perez Calahorra, Ricardo"]
[Black "Sanchez Dengra, Jose Maria"]
[Result "0-1"]
[WhiteElo "2158"]
[BlackElo "2020"]
[PlyCount "70"]
[EventDate "2012.08.25"]
[EventType "swiss"]
[EventRounds "9"]
[EventCountry "ESP"]
[Source "lmi"]
[SourceDate "2012.08.25"]

1. e4 c5 2. c3 d5 3. exd5 Qxd5 4. d4 Nf6 5. Nf3 e6 6. Na3 Qd8 7. Bg5 a6 8. Bd3
Nbd7 9. O-O Be7 10. Nc4 O-O 11. Qe2 cxd4 12. Nxd4 Nd5 13. Bd2 N7f6 14. Rad1 Qc7
15. Ne5 Rd8 16. Bb1 Bd6 17. f4 Bc5 18. Kh1 b5 19. Rf3 Ne7 20. Be3 Bb7 21. Rh3
Ned5 22. Bc1 b4 23. c4 Bxd4 24. Rxd4 g6 25. f5 exf5 26. Bg5 Re8 27. cxd5 Rxe5
28. Re3 Rae8 29. Rxe5 Rxe5 30. Qd2 Nxd5 31. Bh6 Qe7 32. Kg1 Re2 33. Qd3 Rxg2+
34. Kh1 Qe1+ 35. Kxg2 Nf4# 0-1

[Event "29. Cullera 2012 - Open A"]
[Site "Cullera ESP"]
[Date "2012.08.29"]
[Round "7.8"]
[White "Jordan Arenas, Manuel"]
[Black "Garcia Ramos, Marcos"]
[Result "0-1"]
[WhiteElo "2151"]
[BlackElo "2177"]
[PlyCount "61"]
[EventDate "2012.08.25"]
[EventType "swiss"]
[EventRounds "9"]
[EventCountry "ESP"]
[Source "lmi"]
[SourceDate "2012.08.25"]

1. d4 Nf6 2. c4 e6 3. Nf3 Bb4+ 4. Nbd2 b6 5. a3 Bxd2+ 6. Bxd2 Bb7 7. e3 d6 8.
Bd3 O-O 9. O-O Nbd7 10. Qc2 c5 11. Bc3 cxd4 12. Nxd4 Ne5 13. Be2 Rc8 14. Qa4 a6
15. Rfc1 Qc7 16. b3 Ne4 17. Bb2 Nc5 18. Qb4 Ned3 19. Qc3 Nxc1 20. Rxc1 Ne4 21.
Qe1 Qe7 22. f3 Nf6 23. e4 Nd7 24. g3 f6 25. Bd3 Ne5 26. Bb1 Nc6 27. Ne2 b5 28.
cxb5 axb5 29. Rd1 Rfd8 30. Nf4 Qf7 31. h3 0-1

[Event "29. Cullera 2012 - Open A"]
[Site "Cullera ESP"]
[Date "2012.08.29"]
[Round "7.9"]
[White "Mengual Bolo, Carles"]
[Black "Remolar Gallen, Jose"]
[Result "0-1"]
[WhiteElo "2078"]
[BlackElo "2167"]
[PlyCount "60"]
[EventDate "2012.08.25"]
[EventType "swiss"]
[EventRounds "9"]
[EventCountry "ESP"]
[Source "lmi"]
[SourceDate "2012.08.25"]

1. e4 g6 2. d4 Bg7 3. Nc3 c6 4. Nf3 d5 5. h3 Nf6 6. e5 Ne4 7. Bd3 Nxc3 8. bxc3
c5 9. Bb5+ Nc6 10. O-O Qa5 11. a4 c4 12. Qd2 O-O 13. Bxc6 bxc6 14. Ba3 Re8 15.
Rfe1 Rb8 16. Ng5 h6 17. Nf3 Be6 18. Nh2 f6 19. Bb4 Qc7 20. exf6 exf6 21. Re2
Qd7 22. Rae1 h5 23. Qf4 Rbd8 24. Bc5 Rb8 25. Rxe6 Qxe6 26. Rxe6 Rb1+ 27. Nf1
Rxe6 28. Qc7 Ree1 29. Qxc6 Rxf1+ 30. Kh2 h4 0-1

[Event "29. Cullera 2012 - Open A"]
[Site "Cullera ESP"]
[Date "2012.08.29"]
[Round "7.14"]
[White "Ribera Cebolla, Marc"]
[Black "Sos Andreu, Eric"]
[Result "0-1"]
[WhiteElo "1865"]
[BlackElo "2165"]
[PlyCount "62"]
[EventDate "2012.08.25"]
[EventType "swiss"]
[EventRounds "9"]
[EventCountry "ESP"]
[Source "lmi"]
[SourceDate "2012.08.25"]

1. a3 a6 2. b4 Nf6 3. Bb2 g6 4. e3 Bg7 5. d4 O-O 6. Nf3 d6 7. Be2 Nbd7 8. O-O
c5 9. c4 b6 10. Nbd2 Bb7 11. Qc2 Qc7 12. Rac1 e5 13. bxc5 bxc5 14. d5 Ne8 15.
e4 Bh6 16. Rb1 Ng7 17. Bc3 f5 18. Nb3 Nf6 19. Na5 Bc8 20. Bd3 fxe4 21. Bxe4
Nxe4 22. Qxe4 Bf5 23. Qh4 Bxb1 24. Rxb1 Rab8 25. Re1 Nf5 26. Qh3 Qg7 27. Nd2
Bxd2 28. Bxd2 Rb2 29. Bg5 Nd4 30. f3 Qf7 31. Kh1 Rfb8 0-1

[Event "29. Cullera 2012 - Open A"]
[Site "Cullera ESP"]
[Date "2012.08.30"]
[Round "8.1"]
[White "Montalban Galvez, Antoni"]
[Black "Castella Garcia, Fausto"]
[Result "0-1"]
[WhiteElo "2204"]
[BlackElo "2329"]
[PlyCount "64"]
[EventDate "2012.08.25"]
[EventType "swiss"]
[EventRounds "9"]
[EventCountry "ESP"]
[Source "lmi"]
[SourceDate "2012.08.25"]

1. Nf3 c5 2. c4 g6 3. g3 Bg7 4. Bg2 Nc6 5. O-O Nf6 6. d4 cxd4 7. Nxd4 O-O 8.
Nc3 Qa5 9. e3 d6 10. a3 Bd7 11. Re1 Rfc8 12. Bd2 Qd8 13. b3 Rab8 14. Rc1 a6 15.
Na2 Bg4 16. f3 Bd7 17. Nb4 a5 18. Nd3 h5 19. h4 Nxd4 20. exd4 b5 21. Nf4 bxc4
22. bxc4 Bf5 23. Qa4 Nd7 24. d5 Nc5 25. Qxa5 Qd7 26. Rcd1 Nb3 27. Qa6 Nxd2 28.
Rxd2 Bc3 29. Rde2 Bxe1 30. Rxe1 Ra8 31. Qb5 Qa7+ 32. Kh2 Rcb8 0-1

[Event "29. Cullera 2012 - Open A"]
[Site "Cullera ESP"]
[Date "2012.08.30"]
[Round "8.2"]
[White "Jordan Martinez, Miguel"]
[Black "Torres Sanchez, Jose"]
[Result "0-1"]
[WhiteElo "2144"]
[BlackElo "2278"]
[PlyCount "94"]
[EventDate "2012.08.25"]
[EventType "swiss"]
[EventRounds "9"]
[EventCountry "ESP"]
[Source "lmi"]
[SourceDate "2012.08.25"]

1. e4 g6 2. d4 Bg7 3. Be3 d6 4. Nc3 a6 5. Qd2 b5 6. f3 f5 7. exf5 Bxf5 8. g4
Bc8 9. h4 e6 10. h5 Ne7 11. hxg6 hxg6 12. Rxh8+ Bxh8 13. Qh2 Kd7 14. Bd3 Nbc6
15. Nge2 Nb4 16. Nf4 Nxd3+ 17. Nxd3 Bb7 18. O-O-O Qg8 19. f4 Bg7 20. a4 Nd5 21.
Nxd5 Bxd5 22. Qd2 Bf3 23. Rg1 Be4 24. Nf2 Bd5 25. f5 exf5 26. gxf5 gxf5 27. Nh3
Qf7 28. Kb1 bxa4 29. Qa5 Bf6 30. Nf4 c6 31. Qxa4 a5 32. Rg6 Be7 33. b3 Rd8 34.
Qxa5 Rc8 35. Qa7+ Rc7 36. Qa5 Be4 37. Kc1 Qh7 38. Qe1 Qh2 39. Qd2 Qh1+ 40. Rg1
Qf3 41. Qf2 Qxf2 42. Bxf2 Ra7 43. Rg7 Ke8 44. Rg3 Ra2 45. Rc3 Ra1+ 46. Kd2 Bg5
47. Be3 Bh4 0-1

[Event "29. Cullera 2012 - Open A"]
[Site "Cullera ESP"]
[Date "2012.08.30"]
[Round "8.3"]
[White "Vega Gomez, Francisco Borja"]
[Black "Gallardo Garcia, Andres"]
[Result "1-0"]
[WhiteElo "2225"]
[BlackElo "2339"]
[PlyCount "45"]
[EventDate "2012.08.25"]
[EventType "swiss"]
[EventRounds "9"]
[EventCountry "ESP"]
[Source "lmi"]
[SourceDate "2012.08.25"]

1. Nf3 c5 2. g3 g6 3. Bg2 Bg7 4. O-O Nc6 5. c4 e6 6. Nc3 Nge7 7. a3 O-O 8. d3
d5 9. Bd2 b6 10. Rb1 Bb7 11. b4 cxb4 12. axb4 dxc4 13. dxc4 Rc8 14. Qb3 a5 15.
Rfd1 Nxb4 16. Nb5 Nbd5 17. cxd5 Bxd5 18. Qa3 Qd7 19. Bg5 Rc5 20. e4 Rxb5 21.
Rxb5 Qxb5 22. Bxe7 Bb2 23. Qd6 1-0

[Event "29. Cullera 2012 - Open A"]
[Site "Cullera ESP"]
[Date "2012.08.30"]
[Round "8.4"]
[White "Sanchez Dengra, Jose Maria"]
[Black "Jimenez Martinez, Jose Vicente"]
[Result "1/2-1/2"]
[WhiteElo "2020"]
[BlackElo "2285"]
[PlyCount "80"]
[EventDate "2012.08.25"]
[EventType "swiss"]
[EventRounds "9"]
[EventCountry "ESP"]
[Source "lmi"]
[SourceDate "2012.08.25"]

1. e4 g6 2. d4 Bg7 3. Nc3 d6 4. f4 Nf6 5. Bd3 O-O 6. Nf3 Na6 7. e5 Nd7 8. Ne4
c5 9. c3 cxd4 10. cxd4 dxe5 11. fxe5 Nb4 12. Bb1 Nb6 13. O-O Bg4 14. Nc3 Rc8
15. Be4 Qd7 16. h3 Bf5 17. Bxf5 Qxf5 18. Bg5 Qe6 19. a3 N4d5 20. Nxd5 Nxd5 21.
Qb3 a6 22. Bh4 Qd7 23. Bg3 e6 24. Rac1 Rxc1 25. Rxc1 Rc8 26. Rc4 Rc6 27. Bf2
Qc7 28. Nd2 Nb6 29. Rc3 Nd5 30. Rxc6 Qxc6 31. Qc4 Qxc4 32. Nxc4 Bf8 33. g3 Be7
34. Na5 b6 35. Nc6 h6 36. Nxe7+ Nxe7 37. Kg2 h5 38. Kf3 Kf8 39. Be1 Nd5 40. Ke4
Ke7 1/2-1/2

[Event "29. Cullera 2012 - Open A"]
[Site "Cullera ESP"]
[Date "2012.08.30"]
[Round "8.5"]
[White "Garcia Munoz, Raul"]
[Black "Pena Riasco, Alexander"]
[Result "0-1"]
[WhiteElo "2072"]
[BlackElo "2237"]
[PlyCount "77"]
[EventDate "2012.08.25"]
[EventType "swiss"]
[EventRounds "9"]
[EventCountry "ESP"]
[Source "lmi"]
[SourceDate "2012.08.25"]

1. d4 d5 2. c4 c6 3. Nc3 Nf6 4. e3 a6 5. Nf3 b5 6. cxd5 cxd5 7. Bd3 Bg4 8. h3
Bh5 9. g4 Bg6 10. Ne5 Bxd3 11. Qxd3 e6 12. a3 Bd6 13. Bd2 Bxe5 14. dxe5 Nfd7
15. f4 O-O 16. g5 Nc6 17. Ne2 Rc8 18. Rc1 Qb6 19. O-O Nc5 20. Qc2 Ne4 21. Kg2
Ne7 22. Qd3 Nf5 23. Nd4 Nxd4 24. exd4 Rc4 25. Be3 Rfc8 26. b3 Rc3 27. Rxc3 Rxc3
28. Rc1 Rxc1 29. Bxc1 Qc6 30. Bb2 h6 31. h4 hxg5 32. hxg5 Kh7 33. Qd1 Kg6 34.
Qc1 Qe8 35. Qh1 Qc8 36. Qc1 Qh8 37. Qe3 Qh4 38. Bc1 Qg4+ 39. Kh2 0-1